|
|
|
|
| LEADER |
00640cam a2200217ua 4500 |
| 008 |
130131t2012||||||||||| 00 ||mal c |
| 020 |
|
|
|a 978-81-922881-2-3
|
| 041 |
0 |
|
|a mal
|
| 082 |
|
|
|a M 398
|b SOM/V
|
| 245 |
1 |
0 |
|a Vidyabhyasavum Folklorum /
|
| 260 |
|
|
|a Kozhikkode:
|b Insight Publications,
|c 2012.
|
| 300 |
|
|
|a 144.
|
| 362 |
1 |
|
|a 2012.
|
| 365 |
|
|
|a Rs.110/-
|
| 650 |
|
|
|a Malayalam
|
| 650 |
0 |
|
|a Folklore study
|
| 650 |
0 |
|
|a Education
|
| 700 |
0 |
2 |
|a Soman, Katalur
|
| 942 |
|
|
|c BK
|
| 999 |
|
|
|c 28292
|d 28292
|
| 952 |
|
|
|0 0
|1 0
|4 0
|6 M_398_000000000000000_SOM
|7 0
|9 30075
|a KUCL
|b KUCL
|d 2014-05-23
|l 2
|o M 398 SOM/
|p 30216
|r 2016-12-01
|s 2016-04-08
|w 2014-05-23
|y BK
|